| 000 | 01370cam a2200397 a 4500 | ||
|---|---|---|---|
| 001 | 4313 | ||
| 003 | FISKH | ||
| 005 | 20240717142839.0 | ||
| 008 | 080827s2008 nyu j 000 1 eng d | ||
| 010 | _a 2008298856 | ||
| 020 | _a9780439916417 | ||
| 020 | _a0439916410 | ||
| 035 | _a(OCoLC)ocn179798492 | ||
| 040 |
_aBTCTA _cBTCTA _dBAKER _dIF9 _dLEO _dDLC _beng |
||
| 050 | _aPZ7.F2466 | ||
| 082 | _a470 | ||
| 100 | 1 | _aFarshtey, Greg | |
| 245 | 1 | 0 |
_aShadows in the sky / _cby Greg Farshtey. |
| 260 |
_aNew York : _bScholastic, _c2008. |
||
| 300 |
_a125 pages : _c20 cm |
||
| 490 | 1 |
_aBionicle legends ; _vBook 9 |
|
| 520 | _a"The Toa Nuva have returned and must continue their quest to awaken the Great Spirit Mata Nui. Their journey takes them to a city in the clouds where new allies and new foes await them"--Back cover. | ||
| 650 | 0 |
_aLEGO toys _vJuvenile fiction. |
|
| 650 | 0 |
_aGood and evil _vJuvenile fiction. |
|
| 650 | 0 |
_aHeroes _vJuvenile fiction. |
|
| 650 | 1 |
_aLEGO toys _vFiction. |
|
| 650 | 1 |
_aGood and evil _vFiction. |
|
| 650 | 1 |
_aHeroes _vFiction. |
|
| 650 | 7 |
_aGood and evil _vFiction. _2sears |
|
| 650 | 7 |
_aHeroes and heroines _vFiction. _2sears |
|
| 650 | 7 |
_aFantasy fiction. _2sears |
|
| 655 | 7 |
_aFantasy fiction _vJuvenile fiction. _2gsafd |
|
| 906 |
_a7 _bcbc _ccopycat _d2 _encip _f20 _gy-gencatlg |
||
| 942 |
_2ddc _cBK _n0 |
||
| 999 |
_c4313 _d4313 |
||